000 00443nam a2200181Ia 4500
008 230524s9999 xx 000 0 und d
020 _a8173193797
082 _a658.123
_bMIS
100 _aJibitesh Mishra
_95154
245 0 _aDesign of Information System
250 _a1ST
260 _aNEW DELHI
_bNarosa
_c2000
300 _aIX;291
500 _aQuantity Number: 1
650 _aComp-Sc
700 _aAshok Mohanty
_95155
942 _cBK
999 _c7203
_d7203